Facultad de Odontología.  Biblioteca.  Nodo central                      



header.jpg

Factores de riesgo para desarrollar lesión renal aguda en el paciente crítico./ (Registro nro. 6299)

Detalles MARC
000 -LEADER
campo de control de longitud fija 00973nam a22002657a 4500
003 - IDENTIFICADOR DE NÚMERO DE CONTROL
campo de control OSt
005 - FECHA Y HORA DE LA ÚLTIMA TRANSACCIÓN
campo de control 20250821160315.0
007 - CAMPO FIJO DE DESCRIPCIÓN FÍSICA--INFORMACIÓN GENERAL
campo de control de longitud fija ta
008 - DATOS DE LONGITUD FIJA--INFORMACIÓN GENERAL
campo de control de longitud fija 250821b |||||||| |||| 00| 0 sp d
040 ## - FUENTE DE CATALOGACIÓN
Centro catalogador/agencia de origen CUNOROC
Lengua de catalogación spa
Centro/agencia transcriptor CUNOROC
Centro/agencia modificador CUNOROC
041 ## - CÓDIGO DE IDIOMA
Código de lengua del texto/banda sonora o título independiente spa
Código de lengua del texto cantado o hablado spa
Código de lengua de los libretos spa
Código de idioma del material acompañante/anexo si no son libretos y transcripciones spa
Código de lengua original spa
082 ## - NÚMERO DE LA CLASIFICACIÓN DECIMAL DEWEY
Número de clasificación T 22 22
100 10 - ENTRADA PRINCIPAL--NOMBRE DE PERSONA
Nombre de persona Mateo Lúcas, Candelaria.
Término indicativo de función/relación Autora
9 (RLIN) 14828
245 10 - MENCIÓN DEL TÍTULO
Título Factores de riesgo para desarrollar lesión renal aguda en el paciente crítico./
Mención de responsabilidad, etc. Candelaria Mateo Lúcas./
Medio Digital.--
260 ## - PUBLICACIÓN, DISTRIBUCIÓN, ETC.
Lugar de publicación, distribución, etc. Huehuetenango, Guatemala:
Nombre del editor, distribuidor, etc. CUNOROC;
Fecha de publicación, distribución, etc. c2025.
300 ## - DESCRIPCIÓN FÍSICA
Extensión 52 páginas:
Otras características físicas il;
Dimensiones 21 cm.
650 ## - PUNTO DE ACCESO ADICIONAL DE MATERIA--TÉRMINO DE MATERIA
Término de materia o nombre geográfico como elemento de entrada Lesión renal aguda
9 (RLIN) 13951
650 ## - PUNTO DE ACCESO ADICIONAL DE MATERIA--TÉRMINO DE MATERIA
Término de materia o nombre geográfico como elemento de entrada Clasificación AKIN
9 (RLIN) 14829
650 ## - PUNTO DE ACCESO ADICIONAL DE MATERIA--TÉRMINO DE MATERIA
Término de materia o nombre geográfico como elemento de entrada Hipertensión arterial
9 (RLIN) 14824
650 ## - PUNTO DE ACCESO ADICIONAL DE MATERIA--TÉRMINO DE MATERIA
Término de materia o nombre geográfico como elemento de entrada Choque séptico
9 (RLIN) 14830
650 ## - PUNTO DE ACCESO ADICIONAL DE MATERIA--TÉRMINO DE MATERIA
Término de materia o nombre geográfico como elemento de entrada Ventilación mecánica
9 (RLIN) 14512
650 ## - PUNTO DE ACCESO ADICIONAL DE MATERIA--TÉRMINO DE MATERIA
Término de materia o nombre geográfico como elemento de entrada Puntuación de APACHE
9 (RLIN) 14831
856 ## - LOCALIZACIÓN Y ACCESO ELECTRÓNICOS
Identificador Uniforme de Recursos <a href="https://drive.google.com/file/d/1p3CTKzEWGfWSdoQ2R-kt49pbH_DPfy4g/view?usp=sharing">https://drive.google.com/file/d/1p3CTKzEWGfWSdoQ2R-kt49pbH_DPfy4g/view?usp=sharing</a>
Nota pública DIGITAL
942 ## - ELEMENTOS DE ENTRADA SECUNDARIOS (KOHA)
Fuente del sistema de clasificación o colocación Clasificación Decimal Dewey
Tipo de ítem Koha TESIS
Suprimir en OPAC No
Existencias
Estatus retirado Estado de pérdida Fuente del sistema de clasificación o colocación Estado de daño No para préstamo Código de colección Biblioteca de origen Biblioteca actual Ubicación en estantería Fecha de adquisición Total de préstamos Signatura topográfica completa Visto por última vez Precio de reemplazo Tipo de ítem Koha Nota pública
    Clasificación Decimal Dewey     No ficción Biblioteca Victor Manuel Calderón Saenz. del Centro Universitario Huehuetenango Biblioteca Victor Manuel Calderón Saenz. del Centro Universitario Huehuetenango Documento de Graduación 21/08/2025   T 22 22 21/08/2025 21/08/2025 TESIS Disponible